Spotreba pohonných látok - spôsoby uplatnenia v daňových výdavkoch
Určenie spotreby pohonných látok ako paušálnych výdavkov podľa zákona č. 595/2003 Z. z. o dani z príjmov v z. n. p. a tiež určenie spotreby pri elektromobiloch.
Salvato in:
| Autore principale: | |
|---|---|
| Natura: | Capitolo di libro |
| Lingua: | slovacco |
| Soggetti: | |
| Tags: |
Nessun Tag, puoi essere il primo ad aggiungerne!!
|
MARC
| LEADER | 00000naa a2200000 4500 | ||
|---|---|---|---|
| 001 | 0298976 | ||
| 005 | 20240417075302.3 | ||
| 041 | 0 | |a slo | |
| 044 | |a SK | ||
| 245 | 1 | 0 | |a Spotreba pohonných látok - spôsoby uplatnenia v daňových výdavkoch |c Lucia Vanková |
| 520 | |a Určenie spotreby pohonných látok ako paušálnych výdavkov podľa zákona č. 595/2003 Z. z. o dani z príjmov v z. n. p. a tiež určenie spotreby pri elektromobiloch. | ||
| 610 | 2 | 0 | |a výdavky daňové |
| 610 | 2 | 0 | |a výdavky paušálne |
| 610 | 2 | 0 | |a daňovníci |
| 610 | 2 | 0 | |a vozidlá motorové |
| 610 | 2 | 0 | |a nafta |
| 610 | 2 | 0 | |a benzín |
| 610 | 2 | 0 | |a energia elektrická |
| 610 | 2 | 0 | |a spotreba |
| 610 | 2 | 0 | |a elektromobily |
| 610 | 2 | 0 | |a podnikanie |
| 610 | 2 | 0 | |a zákony |
| 100 | 1 | |a Vanková, Lucia | |